Mixing of carbon black with rubber V. Analysis of SBR/BR blends (Record no. 63018)

MARC details
000 -LEADER
fixed length control field 00403nam a2200121Ia 4500
100 ## - MAIN ENTRY--AUTHOR NAME
Personal name Cotten G R
245 #0 - TITLE STATEMENT
Title Mixing of carbon black with rubber V. Analysis of SBR/BR blends
260 ## - PUBLICATION, DISTRIBUTION, ETC. (IMPRINT)
Name of publisher Rubbercon 87: Proceedings of the International Rubber Conference, U.K, 1987, Group A, p23A. 1-11
650 ## - SUBJECT ADDED ENTRY--TOPICAL TERM
Topical Term Carbon black
700 ## - ADDED ENTRY--PERSONAL NAME
Personal name Murphy L J
942 ## - ADDED ENTRY ELEMENTS (KOHA)
Koha item type Journals
Holdings
Withdrawn status Lost status Damaged status Not for loan Home library Current library Shelving location Date acquired Koha item type
      Journals RRII Library RRII Library Rubber chemistry 17/12/2021 Journals